00857nam a2200169 a 450000100100000000500170001000800410002702000150006804000250008308200150010824502650012326001230038830000210051150000730053270000390060570000430064400002687720240705073646.0110328s2001 dr r 000 0 spa d a0965012514 aDO-SdBNPbspacBNPHU axxxxbxxxx00aRepública Dominicana y Puerto Rico :bhermandad en la lucha emancipadora; correspondencia, 1876-1902; Eugenio Maria de Hostos, Federico Henríquez y Carvajal, Gregorio Luperón y Fidelio Despradel /ccompilación y presentación Vivian Quiles-Calderín. aRío Piedras, P.R. :bInstituto de Estudios HostosianosbUniversidad de Puerto Rico, Recinto de Río Piedras,c2001. a305 p. ;c23 cm. aIncluye referencias bibliográficas y notas al pie de las páginas1 aQuiles-Calderín, Vivíanecomp.1 aHostos, Eugenio María de,d1839-1903